[Event "IECC M email"]
[Site "IECC email"]
[Date "2000.07.06"]
[Round "?"]
[White "Bernier, Denis"]
[Black "Croad, Timothy"]
[Result "1-0"]
[WhiteElo "1030"]
[BlackElo "984"]
[PlyCount "55"]
[EventDate "2000.??.??"]
[EventType "tourn (corr)"]
[EventRounds "2"]
[SourceTitle "Corr 2008"]
[Source "ChessBase"]
[SourceDate "2008.06.24"]
[SourceVersion "1"]
[SourceVersionDate "2008.06.24"]
[SourceQuality "1"]

1. e4 e5 2. Bc4 Nf6 3. Qf3 Nc6 4. d3 Nd4 5. Qd1 d5 6. exd5 Nxd5 7. c3 b5 8. cxd4 bxc4 9. dxc4 Bb4+ 10. Bd2 Qe7 11. cxd5 exd4+ 12. Ne2 0-0 13. 0-0 Bb7 14. Bxb4 Qe4 15. Bxf8 Bxd5 16. f3 Qe3+ 17. Rf2 d3 18. Bc5 dxe2 19. Qxe2 Qxc5 20. Nc3 Bc4 21. Qe4 Rd8 22. Rd1 Rxd1+ 23. Nxd1 Bd5 24. Qe8+ Qf8 25. Qxf8+ Kxf8 26. a4 Kg8 27. Re2 Kh8 28. Re8# 1-0